Catálogo público

Evaluación de una cubierta comestible a base de quitosano en un ambiente refrigerado en frutos de zapote mamey (Pouteria sapota (Jacq.) H. E. Moore & Stearn) / (Record no. 220269)

MARC details
000 -CABECERA
campo de control de longitud fija 01799nam a2200397 a 4500
003 - IDENTIFICADOR DEL NÚMERO DE CONTROL
campo de control CHAP
005 - FECHA Y HORA DE LA ÚLTIMA TRANSACCIÓN
campo de control 20241122174759.0
007 - CAMPO FIJO DE DESCRIPCIÓN FÍSICA--INFORMACIÓN GENERAL
campo de control de longitud fija ta
008 - DATOS DE LONGITUD FIJA--INFORMACIÓN GENERAL
campo de control de longitud fija 241122s2008 mx ado|frm||| 001 0 spa d
040 ## - FUENTE DE LA CATALOGACIÓN
Centro catalogador/agencia de origen mxchpua
Centro/agencia transcriptor CHAP
041 0# - CÓDIGO DE LENGUA
Código de lengua del texto/banda sonora o título independiente spa
Código de lengua del sumario o resumen eng
090 ## - LOCALMENTE ASIGNADO TIPO-LC NÚMERO DE CLASIFICACIÓN (OCLC); NÚMERO DE CLASIFICACIÓN LOCAL (RLIN)
Número de clasificación (OCLC) (R) ; Numero de clasificación, CALL (RLIN) (NR) Tesis
Número cutter local (OCLC) ; Número de libro/Signatura topográfica íntegra, CALL (RLIN) F56
año 2008
100 1# - ENTRADA PRINCIPAL--NOMBRE DE PERSONA
Nombre de persona Flores Catarino, Andrés
240 10 - TÍTULO UNIFORME
Título uniforme Evaluation of an edible coating based on chitosan in an atmosphere refrigerated in fruits of sapota mamey (Pouteria sapota (Jacq.) H. E. Moore & Stearn).
Lenguaje de la obra Español
245 10 - MENCIÓN DE TÍTULO
Título Evaluación de una cubierta comestible a base de quitosano en un ambiente refrigerado en frutos de zapote mamey (Pouteria sapota (Jacq.) H. E. Moore & Stearn) /
Mención de responsabilidad, etc. Andrés Flores Catarino y Obdulia Rodríguez Hernández
264 ## - PRODUCCIÓN, PUBLICACIÓN, DISTRIBUCIÓN, FABRICACIÓN Y COPYRIGHT
Producción, publicación, distribución, fabricación y copyright Chapingo, México :
Nombre del de productor, editor, distribuidor, fabricante El autor,
Fecha de producción, publicación, distribución, fabricación o copyright 2008
300 ## - DESCRIPCIÓN FÍSICA
Extensión ix, 73 hojas :
Otras características físicas ilustraciones, gráficas, tablas, fotos
336 ## - TIPO DE CONTENIDO
Fuente rdacontent
Término de tipo de contenido texto
Código de tipo de contenido txt
337 ## - TIPO DE MEDIO
Fuente rdamedia
Nombre/término del tipo de medio sin medio
Código del tipo de medio n
338 ## - TIPO DE SOPORTE
Fuente rdacarrier
Nombre/término del tipo de soporte volumen
Código del tipo de soporte nc
502 ## - NOTA DE TESIS
Nota de tesis Tesis
Tipo de título (Ingeniero Agroindustrial) --
Nombre de la institución que otorga el título UACh. Departamento de Ingeniería Agroindustrial,
Año de obtención del título 2008
504 ## - NOTA DE BIBLIOGRAFÍA, ETC.
Nota de bibliografía, etc. Bibliografía: hojas 67-73
650 13 - PUNTO DE ACCESO ADICIONAL DE MATERIA--TÉRMINO DE MATERIA
Término de materia o nombre geográfico como elemento de entrada Sapotillas
Fuente del encabezamiento o término atg
650 12 - PUNTO DE ACCESO ADICIONAL DE MATERIA--TÉRMINO DE MATERIA
Término de materia o nombre geográfico como elemento de entrada Quitosán
Subdivisión general Película comestible
Fuente del encabezamiento o término atg
650 13 - PUNTO DE ACCESO ADICIONAL DE MATERIA--TÉRMINO DE MATERIA
Término de materia o nombre geográfico como elemento de entrada Frutas tropicales y subtropicales
Subdivisión general Almacenamiento en frío
Fuente del encabezamiento o término atg
650 13 - PUNTO DE ACCESO ADICIONAL DE MATERIA--TÉRMINO DE MATERIA
Término de materia o nombre geográfico como elemento de entrada Almacenamiento bajo atmósfera controlada
Fuente del encabezamiento o término atg
650 13 - PUNTO DE ACCESO ADICIONAL DE MATERIA--TÉRMINO DE MATERIA
Término de materia o nombre geográfico como elemento de entrada Sapodillas
Fuente del encabezamiento o término atg
650 13 - PUNTO DE ACCESO ADICIONAL DE MATERIA--TÉRMINO DE MATERIA
Término de materia o nombre geográfico como elemento de entrada Chitosan
Subdivisión general Edible films
Fuente del encabezamiento o término atg
650 10 - PUNTO DE ACCESO ADICIONAL DE MATERIA--TÉRMINO DE MATERIA
Término de materia o nombre geográfico como elemento de entrada Tropical and subtropical fruits
Subdivisión general Cold storage
Fuente del encabezamiento o término atg
650 13 - PUNTO DE ACCESO ADICIONAL DE MATERIA--TÉRMINO DE MATERIA
Término de materia o nombre geográfico como elemento de entrada Controlled atmosphere storage
Fuente del encabezamiento o término atg
700 1# - PUNTO DE ACCESO ADICIONAL--NOMBRE DE PERSONA
Nombre de persona Pérez López, Artemio
Término indicativo de función/relación director
700 1# - PUNTO DE ACCESO ADICIONAL--NOMBRE DE PERSONA
Nombre de persona Alia Tejacal, Irán
Término indicativo de función/relación asesora
700 1# - PUNTO DE ACCESO ADICIONAL--NOMBRE DE PERSONA
Nombre de persona Corrales García, José Joel Enrique
Término indicativo de función/relación asesor
901 ## - ELEMENTOS DE DATOS A LOCAL LDA (RLIN)
a Tesis F56 2008
942 ## - ELEMENTOS DE PUNTO DE ACCESO ADICIONAL (KOHA)
Fuente del sistema de clasificación o colocación Clasificación Universidad Autónoma Chapingo
Tipo de ítem Koha Tesis
Holdings
Estado de retiro Estado de pérdida Fuente del sistema de clasificación o colocación Estado dañado Restricciones de uso No para préstamo Código de colección Localización permanente Ubicación/localización actual Fecha de adquisición Fuente de adquisición Total de préstamos Signatura topográfica completa Código de barras Fecha visto por última vez Número de copia Precio válido a partir de Tipo de ítem Koha Fecha del último préstamo
    Clasificación Universidad Autónoma de Chapingo   Préstamo interno   Tesis Ingenieria Agroindustrial Ingenieria Agroindustrial 22/11/2024 El autor   Tesis F56 2008 1101015043 02/02/2026 Ej. 1 22/11/2024 Tesis  
    Clasificación Universidad Autónoma de Chapingo   Préstamo 5 días   Tesis Ingenieria Agroindustrial Ingenieria Agroindustrial 04/12/2024 El autor 1 Tesis F56 2008 1101015044 02/02/2026 Ej. 2   Tesis 04/12/2024